[Event "AUTO-OPEN-2078"]
[Site "http://www.queenalice.com/game.php?id=820907"]
[Date "2010.8.20"]
[Round "1"]
[White "mueller"]
[Black "fredofm"]
[Result "1-0"]
[WhiteElo "1478"]
[BlackElo "1363"]

1. Nf3 d5 2. c4 dxc4 3. Na3 c3 4. bxc3 Nc6 5. Nc4 Bg4 6. Rb1 Bxf3 7. exf3 Nf6 8.
Rxb7 Qc8 9. Rb3 Qe6+ 10. Be2 O-O-O 11. d4 Qxc4 12. Bxc4 e5 13. Bxf7 e4 14. Be6+
Nd7 15. Qe2 a5 16. Qa6# 1-0

[Event "AUTO-OPEN-2078"]
[Site "http://www.queenalice.com/game.php?id=820908"]
[Date "2010.8.20"]
[Round "1"]
[White "fredofm"]
[Black "mueller"]
[Result "0-1"]
[WhiteElo "1359"]
[BlackElo "1547"]

1. e3 d5 2. Nf3 c5 3. Ne5 Nd7 4. Nxf7 Kxf7 5. Qf3+ Ngf6 6. Nc3 Nb6 7. d4 Bg4 8.
Qf4 e6 9. dxc5 Bxc5 10. Nb5 a6 11. Qc7+ Qxc7 12. Nxc7 Rac8 13. Nxe6 Bxe6 14. Bd2
d4 15. O-O-O dxe3 16. Bxe3 Bxe3+ 17. fxe3 Bxa2 18. c3 Rhe8 19. Re1 Nbd5 20. b4
Nxe3 21. Bd3 Rxc3+ 22. Kb2 Rxd3 23. Kxa2 Nfd5 24. Rc1 Nxb4+ 25. Kb1 Rb3+ 26. Ka1
Re5 27. Rc7+ Ke6 28. Rxg7 Nec2# 0-1

[Event "AUTO-INT-1794"]
[Site "http://www.queenalice.com/game.php?id=820989"]
[Date "2010.8.20"]
[Round "1"]
[White "dorszu"]
[Black "mueller"]
[Result "1-0"]
[WhiteElo "1730"]
[BlackElo "1555"]

1. Nf3 Nf6 2. c4 c6 3. Nc3 d5 4. e3 e6 5. a3 Be7 6. d4 O-O 7. Bd3 dxc4 8. Bxc4
Nbd7 9. O-O Nb6 10. Ba2 Nbd5 11. Bd2 Nxc3 12. Bxc3 Ne4 13. Qc2 Nxc3 14. Qxc3 Bd7
15. Ne5 Be8 16. Rac1 Rb8 17. Rfd1 Kh8 18. b4 Bf6 19. h3 a5 20. bxa5 Bxe5 21.
dxe5 Ra8 22. Qc5 Qxa5 23. Qxf8# 1-0

[Event "AUTO-INT-1794"]
[Site "http://www.queenalice.com/game.php?id=820990"]
[Date "2010.8.20"]
[Round "1"]
[White "mueller"]
[Black "dorszu"]
[Result "1-0"]
[WhiteElo "1575"]
[BlackElo "1769"]

1. e4 c6 2. d4 d5 3. e5 Bf5 4. Nc3 e6 5. g4 Bg6 6. Nge2 f6 7. Nf4 fxe5 8. Nxe6
Qe7 9. Nxf8 exd4+ 10. Be2 dxc3 11. Nxg6 hxg6 12. Qd3 Qf6 13. Qe3+ Ne7 14. g5 Qf5
15. Qxc3 Rf8 16. Be3 Nd7 17. O-O-O O-O-O 18. Qa3 a6 19. Qxe7 Ne5 20. Qxg7 Nf3
21. Bxf3 Qxf3 22. Qxg6 Rg8 23. Qe6+ Kb8 24. g6 Rde8 25. Qd6+ Ka8 26. Rhg1 Qf5
27. g7 Re6 28. Qc5 Rxe3 29. Qxe3 1-0

[Event "AUTO-INT-1794"]
[Site "http://www.queenalice.com/game.php?id=821003"]
[Date "2010.8.20"]
[Round "1"]
[White "yannigator"]
[Black "mueller"]
[Result "1-0"]
[WhiteElo "1620"]
[BlackElo "1500"]

1. e4 e5 2. f4 exf4 3. Nf3 g5 4. Bc4 Nc6 5. O-O Bg7 6. d4 g4 7. Ne5 Bxe5 8.
Bxf7+ Kxf7 9. dxe5 Nxe5 10. Qd5+ Kg6 11. Qxe5 Qf6 12. Qxf6+ Nxf6 13. Bxf4 d6 14.
Nc3 Rf8 15. Rf2 Nh5 16. Be3 Rxf2 17. Kxf2 Bd7 18. Rf1 Rf8+ 19. Kg1 Rxf1+ 20.
Kxf1 a6 21. g3 Be6 22. a3 Bc4+ 23. Kf2 Nf6 24. b3 Be6 25. Ba7 h5 26. Ke3 Nd7 27.
Nd5 Bxd5 28. exd5 b6 29. c4 Kg7 30. Kf4 Kg6 31. b4 Ne5 32. Bb8 Nxc4 33. Bxc7 Kf7
34. a4 Ke7 35. a5 bxa5 36. Bxa5 Kf6 37. Bd8+ Kg6 38. Ke4 Nd2+ 39. Ke3 Nf1+ 40.
Kf2 Nxh2 41. Be7 Kf5 42. Bxd6 Nf3 43. Bc5 Nd2 44. d6 Ke6 45. Ke3 Nc4+ 46. Kf4
Nxd6 47. Bxd6 Kxd6 48. Kg5 Kd5 49. Kxh5 Kc4 50. Kxg4 Kxb4 51. Kf4 a5 52. g4 a4
53. g5 a3 54. g6 1-0

[Event "AUTO-INT-1794"]
[Site "http://www.queenalice.com/game.php?id=821004"]
[Date "2010.8.20"]
[Round "1"]
[White "mueller"]
[Black "yannigator"]
[Result "1-0"]
[WhiteElo "1489"]
[BlackElo "1425"]

1. Nf3 Nc6 2. d4 d5 3. c4 e6 4. cxd5 Qxd5 5. Nc3 Bb4 6. Bd2 Bxc3 7. Bxc3 Nge7 8.
e3 O-O 9. Bd3 Bd7 10. Qc2 h6 11. O-O f6 12. b4 a5 13. bxa5 Nf5 14. e4 Nfxd4 15.
exd5 Nxc2 16. dxc6 Nxa1 17. cxd7 Rfd8 18. Bc4 Nc2 19. Bxe6+ Kh7 20. Rc1 Na3 21.
Bb4 Nb5 22. Be7 Rh8 23. Bf5+ g6 24. Bd3 c6 25. Bxb5 cxb5 26. Rc7 Rxa5 27. Bf8
1-0

[Event "AUTO-INT-1795"]
[Site "http://www.queenalice.com/game.php?id=821317"]
[Date "2010.8.21"]
[Round "1"]
[White "zemorais"]
[Black "mueller"]
[Result "0-1"]
[WhiteElo "1700"]
[BlackElo "1502"]

1. e4 e5 2. Nf3 Nc6 3. Bb5 Nf6 4. d3 Bc5 5. O-O Ng4 6. Bg5 f6 7. Bh4 Be7 8. h3
Nh6 9. Nc3 a6 10. Bxc6 dxc6 11. Bg3 Be6 12. Ne2 O-O 13. c4 Qd7 14. b3 Bc5 15. a3
Rad8 16. Nc1 Kh8 17. b4 Bd4 18. Nxd4 Qxd4 19. Ne2 Qxd3 20. Qe1 Bxc4 21. Nc1 Qc2
22. f3 Bxf1 23. Qxf1 Rd1 24. Qxd1 Qxd1+ 25. Kh2 Qc2 26. Na2 Qb2 0-1

[Event "AUTO-INT-1795"]
[Site "http://www.queenalice.com/game.php?id=821318"]
[Date "2010.8.21"]
[Round "1"]
[White "mueller"]
[Black "zemorais"]
[Result "1-0"]
[WhiteElo "1526"]
[BlackElo "1653"]

1. d4 Nf6 2. Bg5 d5 3. Bxf6 gxf6 4. Nf3 Nc6 5. e3 Bg4 6. Nc3 Qd7 7. h3 Bh5 8.
Bb5 a6 9. Bxc6 bxc6 10. Qe2 e5 11. Nxe5 fxe5 12. Qxh5 e4 13. Qe5+ Qe7 14. Qxh8
O-O-O 15. Qxh7 Rd6 16. O-O-O Rg6 17. g3 Rg7 18. Qf5+ Kb7 19. h4 f6 20. Kb1 Qb4
21. Qxf6 Rd7 22. g4 Bg7 23. Qe6 Rd6 24. Qf7 Bh6 25. g5 c5 26. Nxd5 Rxd5 27.
Qxd5+ c6 28. Qd7+ Kb6 29. dxc5+ Qxc5 30. Qd8+ Kb5 31. a4+ Kxa4 32. Rd4+ Kb5 33.
Qb8+ Ka5 34. b4+ Qxb4+ 35. Qxb4# 1-0

[Event "AUTO-INT-1795"]
[Site "http://www.queenalice.com/game.php?id=821333"]
[Date "2010.8.21"]
[Round "1"]
[White "daga2008"]
[Black "mueller"]
[Result "1-0"]
[WhiteElo "1331"]
[BlackElo "1524"]

1. e4 e5 2. Qh5 d6 3. Bc4 Nh6 4. h3 Nd7 5. d3 Nf6 6. Qf3 Nhg8 7. g4 h6 8. g5
hxg5 9. Bxg5 c6 10. Bxf6 Nxf6 11. Nd2 b5 12. Bb3 a5 13. c3 a4 14. Bc2 a3 15. b4
Be6 16. Bb3 Bd7 17. Ne2 Qc8 18. Rg1 c5 19. Ng3 cxb4 20. cxb4 1-0

[Event "AUTO-INT-1795"]
[Site "http://www.queenalice.com/game.php?id=821345"]
[Date "2010.8.21"]
[Round "1"]
[White "mueller"]
[Black "norbertokruger"]
[Result "0-1"]
[WhiteElo "1579"]
[BlackElo "1772"]

1. e4 e5 2. Nf3 Nc6 3. Nc3 Nf6 4. Bc4 Bc5 5. d3 Ng4 6. Bxf7+ Kxf7 7. Ng5+ Kg8 8.
Qxg4 h6 9. Nf3 Nb4 10. Kd1 d6 11. Qg3 Be6 12. Bd2 Qd7 13. Kc1 Nc6 14. Be3 Bb4
15. Ne2 Ba5 16. h3 Kh7 17. Qh4 Kg8 18. Bd2 Bb6 19. Qg3 Qf7 20. Nc3 Kh7 21. Re1
Rhf8 22. Be3 Nd4 23. Bxd4 Bxd4 24. Nxd4 exd4 25. Nb5 Qxf2 26. Qxf2 Rxf2 27. Nxd4
Re8 28. Rg1 d5 29. exd5 Bxd5 0-1

[Event "AUTO-INT-1795"]
[Site "http://www.queenalice.com/game.php?id=821346"]
[Date "2010.8.21"]
[Round "1"]
[White "norbertokruger"]
[Black "mueller"]
[Result "1-0"]
[WhiteElo "1763"]
[BlackElo "1588"]

1. e4 e5 2. Nf3 Nc6 3. Bc4 Bc5 4. O-O Nf6 5. Ng5 O-O 6. Bxf7+ Rxf7 7. Qe2 Nd4 8.
Qc4 d5 9. Qxc5 b6 10. Nxf7 Kxf7 11. Qa3 Nxc2 12. Qc3 Nxa1 13. b4 Ba6 14. Rd1
Nxe4 15. Qxa1 Qf6 16. f3 Nd6 17. Qc3 Bc4 18. d3 Bxa2 19. Nd2 Nb5 20. Qa1 Qe6 21.
Qxa2 Nc3 22. Qb3 Nxd1 23. Qxd1 Qd6 24. Qc2 Qxb4 25. Qxc7+ Kg8 26. Nf1 Qd4+ 27.
Be3 Qxd3 28. Qxe5 Qb5 29. Qe7 Qa4 30. Qe6+ Kh8 31. Qxd5 Re8 32. Bd4 Qb4 33. h4
Qf8 34. h5 Rd8 35. Qe5 h6 36. Ne3 1-0